El Futur del català : una radiografia sociolingüística / Joan Tudela una radiografia sociolingüística / Joan Tudela
Descripción Física:
160 p. : il. ; 22 cm
Colección:
El món de les idees
Materias:
Català -- Normalització
MARC
| LEADER | 00000nam a2200000Ia 4500 | ||
|---|---|---|---|
| 001 | 7956 | ||
| 008 | 160829s1986 xx 000 0 cat d | ||
| 080 | |a L-1-308 | ||
| 100 | |a Tudela, Joan |9 25526 | ||
| 245 | |a El Futur del català : |b una radiografia sociolingüística / Joan Tudela | ||
| 260 | |a Barcelona : |b Publicacions El Món, |c 1986 | ||
| 300 | |a 160 p. : |b il. ; |c 22 cm | ||
| 490 | |a El món de les idees | ||
| 590 | |a Editat amb el suport de la Diputació de Barcelona. | ||
| 650 | |a Català |x Normalització |9 31654 | ||
| 710 | 1 | |a Barcelona (Catalunya : Província). |b Diputació |9 52408 | |
| 901 | |a Arxiu | ||
| 942 | |n 1 | ||
| 952 | |0 0 |1 0 |4 0 |6 L1308 |7 1 |9 43658 |a Arxiu |b Arxiu |d 2016-12-01 |l 0 |o L-1-308 |p 7956 |r 2016-12-01 00:00:00 |w 2016-12-01 |y ARXIU | ||
| 999 | |c 46206 |d 46206 | ||